<?xml version="1.0" encoding="UTF-8"?>
<collection xmlns="http://www.loc.gov/MARC21/slim">
    <record>
        <controlfield tag="001">37025</controlfield>
        <controlfield tag="005">20160204081803.0</controlfield>
        <datafield tag="037" ind1=" " ind2=" ">
            <subfield code="a">TAZ-TFG-2015-3889</subfield>
        </datafield>
        <datafield tag="041" ind1=" " ind2=" ">
            <subfield code="a">spa</subfield>
        </datafield>
        <datafield tag="100" ind1="1" ind2=" ">
            <subfield code="a">Puértolas Morales, Alicia</subfield>
        </datafield>
        <datafield tag="245" ind1="0" ind2="0">
            <subfield code="a">Hipersensibilidad alimentaria en perros. Alérgenos implicados y tipo de alimento para su control</subfield>
        </datafield>
        <datafield tag="260" ind1=" " ind2=" ">
            <subfield code="a">Zaragoza</subfield>
            <subfield code="b">Universidad de Zaragoza</subfield>
            <subfield code="c">2015</subfield>
        </datafield>
        <datafield tag="506" ind1=" " ind2=" ">
            <subfield code="a">by-nc-sa</subfield>
            <subfield code="b">Creative Commons</subfield>
            <subfield code="c">3.0</subfield>
            <subfield code="u">http://creativecommons.org/licenses/by-nc-sa/3.0/</subfield>
        </datafield>
        <datafield tag="520" ind1=" " ind2=" ">
            <subfield code="a">Se considera que la alergia alimentaria canina es una dermatosis no estacional, pruriginoso que se produce como consecuencia de reacciones de hipersensibilidad a alérgenos que se encuentran en la dieta del perro. La cara, las orejas, las extremidades y el abdomen son las zonas más afectadas. El trauma autoinflingido, que tiene como causa el prurito, produce lesiones eritematosas, alopecicas, excoriaciones, liquenificación, hiperpigmentación e infecciones secundarias. Los alimentos que se relacionan con más frecuencia con alergias alimentarias son la carne de vacuno, la soja, el  pollo, los huevos, la leche de vaca, el trigo, el pescado  y el maíz. El diagnóstico se confirma al observar la disminución o desaparición de los signos clínicos cuando se le proporciona al paciente una dieta restringida, seguido de la reaparición de los síntomas cuando es expuesto, nuevamente, a la dieta original.  Para este estudio se seleccionaron 25 perros con sospecha de alergia alimentaria, de los cuales se siguieron definitivamente 10 (de diversas razas y mestizos, 5 machos y 5 hembras), en todos los pacientes se llegó al diagnóstico definitivo mediante las pruebas básicas de laboratorio y dietas de eliminación.</subfield>
        </datafield>
        <datafield tag="521" ind1=" " ind2=" ">
            <subfield code="a">Graduado en Veterinaria</subfield>
        </datafield>
        <datafield tag="540" ind1=" " ind2=" ">
            <subfield code="a">Derechos regulados por licencia Creative Commons</subfield>
        </datafield>
        <datafield tag="700" ind1=" " ind2=" ">
            <subfield code="a">Verde Arribas, María Teresa </subfield>
            <subfield code="e">dir.</subfield>
        </datafield>
        <datafield tag="700" ind1=" " ind2=" ">
            <subfield code="a">Villanueva Saz, Sergio</subfield>
            <subfield code="e">dir.</subfield>
        </datafield>
        <datafield tag="710" ind1="2" ind2=" ">
            <subfield code="a">Universidad de Zaragoza</subfield>
            <subfield code="b">Patología Animal</subfield>
            <subfield code="c">Medicina y Cirugía Animal</subfield>
        </datafield>
        <datafield tag="856" ind1="0" ind2=" ">
            <subfield code="f">631496@celes.unizar.es</subfield>
        </datafield>
        <datafield tag="856" ind1="4" ind2=" ">
            <subfield code="s">1518832</subfield>
            <subfield code="u">http://zaguan.unizar.es/record/37025/files/TAZ-TFG-2015-3889.pdf</subfield>
            <subfield code="y">Memoria (spa)</subfield>
        </datafield>
        <datafield tag="856" ind1="4" ind2=" ">
            <subfield code="s">246091</subfield>
            <subfield code="u">http://zaguan.unizar.es/record/37025/files/TAZ-TFG-2015-3889_ANE.pdf</subfield>
            <subfield code="y">Anexos (spa)</subfield>
        </datafield>
        <datafield tag="909" ind1="C" ind2="O">
            <subfield code="o">oai:zaguan.unizar.es:37025</subfield>
            <subfield code="p">driver</subfield>
            <subfield code="p">trabajos-fin-grado</subfield>
        </datafield>
        <datafield tag="950" ind1=" " ind2=" ">
            <subfield code="a"></subfield>
        </datafield>
        <datafield tag="951" ind1=" " ind2=" ">
            <subfield code="a">deposita:2016-01-15</subfield>
        </datafield>
        <datafield tag="980" ind1=" " ind2=" ">
            <subfield code="a">TAZ</subfield>
            <subfield code="b">TFG</subfield>
            <subfield code="c">VET</subfield>
        </datafield>
    </record>

    
</collection>